Estadísticas para La Liga - Equipos de Primera División Española

Haz click aquí para intentar la prueba.

Estadísticas generales

  • Esta prueba ha sido intentada 5.793 veces
    (5.568 desde el último reinicio)
  • La puntuación promedio es 37 de 63

Estadísticas de respuestas

Equipo% Correcto
Barcelona
98%
Real Madrid
98%
Atlético de Madrid
95%
Sevilla
94%
Valencia
92%
Betis
91%
Athletic de Bilbao
86%
Girona
86%
Real Sociedad
86%
Celta de Vigo
82%
Getafe
81%
AD Almería
80%
Almería
80%
Granada
80%
Cádiz
79%
CD Málaga
79%
Espanyol
79%
Málaga
79%
Rayo Vallecano
78%
Deportivo de La Coruña
77%
Las Palmas
77%
Mallorca
77%
Zaragoza
76%
Alavés
75%
Valladolid
72%
Osasuna
71%
Sporting de Gijón
66%
Tenerife
66%
Villarreal
66%
Levante
65%
Leganés
64%
Racing de Santander
64%
Real Oviedo
64%
SD Huesca
62%
Eibar
60%
Elche
60%
Córdoba
59%
Murcia
59%
Albacete
58%
Recreativo de Huelva
51%
Burgos CF
47%
Real Burgos
47%
UD Salamanca
47%
Castellón
46%
Jaén
45%
Hércules
44%
Gimnàstic de Tarragona
35%
Numancia
35%
UE Lleida
35%
CD Logroñés
31%
CF Extremadura
31%
Xerez
31%
CP Mérida
28%
Cultural Leonesa
27%
Compostela
25%
Pontevedra
24%
Real Unión
24%
Sabadell
24%
Arenas de Getxo
23%
Europa
22%
Alcoyano
18%
Atlético Tetuán
15%
CD Condal
7%

Distribución de puntuación

Porcentaje por número respondido

Porcentaje de gente con cada puntuación

Historial de tus puntuaciones

No has intentado esta prueba desde el último reinicio